Gopi si kura-kura

Bibliographic Details
Format: Book

MARC

LEADER 00000cam a2200000 7i4500
001 0000006931
002 000007464
005 20000330.0
020 |a 9679410714 
090 0 0 |a J 597   |b ALA 
245 1 0 |a Gopi si kura-kura 
999 |a 0005826   |b BUKU   |c PINJAMAN   |e PERPUSTAKAAN KOMUNITI PETALING JAYA